[Event "Winter 2018 CCCSA-IM"]
[Site "Charlotte"]
[Date "2018.01.12"]
[Round "3"]
[White "Young, Angelo"]
[Black "Ng, Gary"]
[Result "1/2-1/2"]
[WhiteElo "2273"]
[BlackElo "2272"]
[Annotator "ChessBase"]
[PlyCount "47"]
[EventDate "2018.01.11"]
[EventType "tourn"]
[EventCountry "USA"]
[SourceTitle "playchess.com"]
[Source "ChessBase"]
[SourceQuality "1"]
[TimeControl "5400+30"]

1. d4 Nf6 2. Nf3 e6 3. g3 c5 4. dxc5 Bxc5 5. c4 Ne4 6. e3 b6 7. a3 Bb7 8. Bg2 O-O 9. O-O Qc8 10. Nbd2 Be7 11. Qc2 d5 12. b3 Bf6 13. Bb2 Bxb2 14. Qxb2 Nxd2 15. Nxd2 dxc4 16. Bxb7 Qxb7 17. Nxc4 Rd8 18. Rfd1 Nc6 19. Rac1 Ne7 20. Qe5 Ng6 21. Qg5 Qe7 22. Qb5 Rxd1+ 23. Rxd1 Rd8 24. Rxd8+ 1/2-1/2

[Event "Winter 2018 CCCSA-IM"]
[Site "Charlotte"]
[Date "2018.01.11"]
[Round "4"]
[White "Stremavicius, Titas"]
[Black "Moon, Benjamin"]
[Result "1-0"]
[WhiteElo "2432"]
[BlackElo "2317"]
[Annotator "TA"]
[PlyCount "97"]
[EventDate "2018.01.11"]
[EventType "tourn"]
[EventCountry "USA"]
[SourceTitle "playchess.com"]
[Source "ChessBase"]
[SourceQuality "1"]

{[%evp 15,97,43,50,45,33,37,41,42,37,29,52,15,46,14,27,13,11,10,71,30,52,10,53,34,35,37,42,34,43,33,33,34,34,33,35,35,36,39,42,44,47,35,47,20,86,47,67,67,67,67,67,67,67,44,126,46,427,416,606,597,565,529,660,690,979,743,1100,1058,1024,714,1154,1141,1289,1277,1250,1220,1164,1466,1407,1253,29979,29979,29983,29984]} 1. d4 Nf6 2. c4 g6 3. Nc3 Bg7 4. e4 d6 5. f3 O-O 6. Be3 Nc6 7. Nge2 a6 8. Qd2 Bd7 9. Rb1 {E83: King's Indian: Sämisch Panno (6...Nc6): Lines without either Nge2 or Qd2} Rb8 10. b4 {[%cal Bb2b4,Bb4b5][%mdl 32]} Re8 11. a4 {White is slightly better.} a5 12. b5 Nb4 13. Ng3 {[#]} Bc8 $146 ({Predecessor:} 13... e5 14. d5 b6 15. Be2 Qe7 16. O-O h5 17. Nh1 {½-½ (29) Dreev,A (2682)-Golubev,M (2527) playchess.com INT 2004}) 14. Be2 Nd7 (14... c5 $5) 15. O-O c5 $1 16. d5 Nf8 (16... Nb6 $11 {remains equal.}) 17. Bd1 e6 18. dxe6 Nxe6 19. Nce2 h5 20. Bb3 Qe7 21. Rbd1 Rd8 22. Nh1 {[%cal Bg3h1,Bh1f2,Bf2h3,Bh3f4][%mdl 32]} b6 23. Nf2 Bb7 24. Nh3 Rd7 25. Nhf4 Re8 26. Rfe1 Nc7 27. Kh1 Qf6 28. Ba2 Qe7 29. Bb1 Be5 (29... d5 $11 {keeps the balance.}) 30. Bg1 Rdd8 31. Nd5 Ncxd5 32. exd5 Qh4 $1 {[%cal Rh4c4]} 33. f4 $1 $36 {[%cal Rf4e5][%mdl 2048] Black is under pressure.} Bg7 34. Ng3 Bh6 {[#]} (34... f5 $1 $14) 35. Be3 (35. Ne4 $1 $16) 35... Qg4 $2 {[%mdl 8192]} ({Black should play} 35... f5 $1 $14) 36. Ne4 $18 Bg7 (36... Rxe4 $142 37. Bxe4 Re8) 37. h3 Qd7 {[#]} 38. f5 $1 {[%mdl 512]} gxf5 (38... Qxf5 39. Nxd6) 39. Ng3 $1 {[%csl LRf5,LRh5]} Re5 {If only Black now had time for ...h4....} 40. Bf4 Rxe1+ 41. Rxe1 Re8 42. Rf1 Bc8 43. Nxf5 Qxf5 44. Bxf5 Bxf5 45. Bh6 Bxh6 46. Qxh6 Bg6 47. Rf6 Re1+ 48. Kh2 Re7 49. Rxd6 {Precision: White = 58%, Black = 41%.} 1-0

[Event "Winter 2018 CCCSA-IM"]
[Site "Charlotte"]
[Date "2018.01.13"]
[Round "4"]
[White "Hong, Andrew"]
[Black "Yu, Jennifer"]
[Result "1/2-1/2"]
[WhiteElo "2327"]
[BlackElo "2355"]
[Annotator "TA"]
[PlyCount "72"]
[EventDate "2018.01.11"]
[EventType "tourn"]
[EventCountry "USA"]
[SourceTitle "playchess.com"]
[Source "ChessBase"]
[SourceQuality "1"]

{[%evp 24,72,37,0,35,22,57,-10,-25,-25,-25,-44,-33,-46,-46,-70,-42,-91,-68,-122,-128,-132,-70,-104,-60,-103,-87,-120,-96,-118,-60,-109,-84,-97,-55,-99,-70,-83,-41,-48,-39,-66,-35,-31,-41,-52,-20,-16,22,-33,0]} 1. e4 e5 2. Nf3 Nc6 3. Bb5 a6 4. Ba4 Nf6 5. O-O Be7 6. Re1 b5 7. Bb3 d6 8. c3 O-O 9. h3 Nb8 10. d4 Nbd7 11. Nbd2 Bb7 12. Bc2 c5 13. b3 {LiveBook: 20 Games. C95: Closed Ruy Lopez: Breyer Variation with 10 d4} (13. d5 c4 14. Nf1 Qc7 15. Ng3 Rfb8 16. Nf5 Bf8 17. Nh2 Bc8 18. Qf3 b4 19. Bg5 b3 20. Bd1 Ne8 21. a3 {1-0 (95) Kravtsiv,M (2641)-Jones,G (2676) Sharjah 2017}) 13... Qc7 {[#] And now ...cxd4 would win.} 14. Bb2 $146 ({Predecessor:} 14. Rb1 d5 15. dxe5 Nxe5 16. Nxe5 Qxe5 17. Nf3 Qc7 18. e5 Ne4 19. c4 f5 20. exf6 Bxf6 21. Bxe4 dxe4 {½-½ (43) Piscopo,P (2392)-Sulskis,S (2528) Arvier 2007}) 14... c4 15. b4 (15. Qe2 $14) 15... Rfe8 $11 16. d5 a5 17. a3 Ra6 18. Rc1 Nb6 19. Nh2 Rea8 20. Qe2 Bc8 21. Rf1 (21. Nhf1 $15) 21... g6 $17 22. g4 Ne8 (22... axb4 $17 23. cxb4 h5) 23. Qe3 Bd8 24. Kg2 Nf6 25. Kh1 Bb7 {Hoping for ...Nfxd5!} 26. Qg3 Qe7 ({Black should try} 26... axb4 $17 27. cxb4 {[#]} Nbxd5 $1 {[%mdl 512]} 28. exd5 Nxd5) 27. f3 Rc8 {Strongly threatening ...axb4.} 28. Nb1 Nbd7 29. Rfd1 Bb6 {aiming for ...Be3.} 30. Nf1 Nf8 31. h4 h5 32. Rd2 Qd7 {[%cal Rh5g4]} 33. g5 Ne8 34. Re1 Nc7 35. Bd1 Re8 36. Bc2 ({White should play} 36. Ne3 $11) 36... Bc8 {Precision: White = 26%, Black = 26%.} 1/2-1/2

[Event "Winter 2018 CCCSA-IM"]
[Site "Charlotte"]
[Date "2018.01.11"]
[Round "4"]
[White "Jacobson, Aaron"]
[Black "Wang, Tianqi"]
[Result "1-0"]
[WhiteElo "2282"]
[BlackElo "2276"]
[Annotator "ChessBase"]
[PlyCount "95"]
[EventDate "2018.01.11"]
[EventType "tourn"]
[EventCountry "USA"]
[SourceTitle "playchess.com"]
[Source "ChessBase"]
[SourceQuality "1"]
[TimeControl "5400+30"]

1. c4 e6 2. Nc3 d5 3. d4 dxc4 4. e3 Nf6 5. Nf3 a6 6. Bxc4 Be7 7. O-O O-O 8. e4 b5 9. Bd3 Bb7 10. e5 Nd5 11. Ne4 Nd7 12. a3 b4 13. Bg5 bxa3 14. Rxa3 Nb4 15. Bb1 Bd5 16. Rc3 Nb6 17. Qd2 Bxe4 18. Bxe4 N6d5 19. Bxe7 Qxe7 20. Rc5 Rab8 21. Ra1 Rb6 22. Qe2 g6 23. g3 Rfb8 24. Kg2 Kg7 25. h4 h5 26. Kh3 Nc6 27. Qd3 Rb3 28. Qd1 Qd7 29. Rxa6 Ncb4 30. Ra8 Rxf3 31. Rxb8 Nf4+ 32. Kh2 Rxf2+ 33. Kh1 Nfd3 34. Bxd3 Qxd4 35. Rxb4 Qxc5 36. Qe1 Rf3 37. Be4 Qxe5 38. Kg2 Rf6 39. Qc3 Qa5 40. Rd4 Qb5 41. Bf3 Qe5 42. Rc4 Rf5 43. Rxc7 g5 44. Qxe5+ Rxe5 45. hxg5 Rb5 46. Bxh5 Rxg5 47. Rxf7+ Kg8 48. g4 1-0

[Event "Winter 2018 CCCSA-IM"]
[Site "Charlotte"]
[Date "2018.01.11"]
[Round "4"]
[White "Wang, Wesley"]
[Black "Ng, Gary"]
[Result "1-0"]
[WhiteElo "2226"]
[BlackElo "2272"]
[Annotator "ChessBase"]
[PlyCount "109"]
[EventDate "2018.01.11"]
[EventType "tourn"]
[EventCountry "USA"]
[SourceTitle "playchess.com"]
[Source "ChessBase"]
[SourceQuality "1"]
[TimeControl "5400+30"]

1. e4 c5 2. Nf3 d6 3. d4 cxd4 4. Nxd4 Nf6 5. Nc3 a6 6. f4 e5 7. Nf3 Nbd7 8. a4 Be7 9. Bd3 O-O 10. O-O exf4 11. Kh1 Nh5 12. Nd5 Nc5 13. Nd4 g6 14. Nf5 Bg5 15. Ra3 Re8 16. Qf3 Nf6 17. Bxf4 Nxd5 18. Bxg5 Qxg5 19. Nxd6 Rf8 20. exd5 Bg4 21. Qg3 Rad8 22. b4 Nxd3 23. Ne4 Qe5 24. Nf6+ Kg7 25. Rxd3 Qxg3 26. Rxg3 Be2 27. Rf4 Rd6 28. Re3 Rxf6 29. Rxf6 Kxf6 30. Rxe2 Rd8 31. c4 b5 32. cxb5 axb5 33. a5 Rxd5 34. Re1 Rd2 35. Ra1 Ke6 36. Kg1 f5 37. h4 f4 38. a6 Rd8 39. Kf2 h6 40. Ra5 Ra8 41. Kf3 g5 42. hxg5 hxg5 43. Kg4 Kf6 44. a7 Kg6 45. Ra6+ Kf7 46. Kxg5 Kg7 47. Kxf4 Kf7 48. g4 Kg7 49. g5 Kf7 50. Ke5 Ke7 51. g6 Kf8 52. Kf6 Kg8 53. Rb6 Rf8+ 54. Ke7 Kh8 55. Rb8 1-0

[Event "Winter 2018 CCCSA-IM"]
[Site "Charlotte"]
[Date "2018.01.13"]
[Round "5"]
[White "Yu, Jennifer"]
[Black "Jacobson, Aaron"]
[Result "1-0"]
[WhiteElo "2355"]
[BlackElo "2282"]
[Annotator "TA"]
[PlyCount "83"]
[EventDate "2018.01.11"]
[EventType "tourn"]
[EventCountry "USA"]
[SourceTitle "playchess.com"]
[Source "ChessBase"]
[SourceQuality "1"]

{[%evp 18,83,25,1,16,0,0,0,0,4,7,-17,0,0,7,0,0,0,33,37,31,32,20,41,75,27,108,41,37,28,69,46,88,88,84,57,60,33,169,160,166,170,165,160,301,306,313,299,370,370,365,361,453,442,489,479,528,547,549,539,654,522,683,489,477,450,752,744]} 1. e4 c6 2. c4 d5 3. exd5 cxd5 4. cxd5 Nf6 5. Nc3 Nxd5 6. Nf3 Nc6 7. Bb5 {B10: Caro-Kann-Verteidigung} e6 (7... g6 8. Qa4 Nb6 9. Bxc6+ bxc6 10. Qxc6+ Bd7 11. Qe4 Bg7 12. O-O Rc8 13. Re1 Bc6 14. Qe2 O-O {0-1 (55) Li,C (2732)-Laznicka,V (2647) Riadh 2017}) 8. O-O Be7 9. d4 O-O 10. a3 {LiveBook: 3 Partien} Qa5 $146 ({Vorgänger:} 10... Bd7 11. Ba4 Rc8 12. Bc2 Nf6 13. Qd3 g6 14. Re1 Qa5 {1-0 (53) Murariu,A (2501)-Jianu,V (2497) Bucharest 2012}) 11. Nxd5 exd5 12. Bxc6 bxc6 13. Qc2 Qb6 14. Be3 Bd7 15. Ne5 Rfd8 16. Rfc1 Rac8 17. b4 Bd6 18. Bg5 f6 19. Nxd7 Rxd7 20. Qf5 $36 {[%mdl 2048] Schwarz steht unter Druck.} Qc7 21. Be3 a6 (21... Rf7 $11) 22. h3 (22. Rc3 $16) 22... Rf7 23. Rc3 {Droht Tac1 und aus.} g6 24. Qc2 Qb6 25. Rc1 {[%cal Rc3c6]} Rfc7 26. Qe2 Kg7 27. Qg4 Re8 {[#]} ({Besser ist} 27... h5 $14 28. Qe6 Rd8) 28. Rxc6 $1 $18 {[%mdl 512]} f5 (28... Rxc6 $2 {verliert.} 29. Qd7+ Re7 30. Rxc6 $18) (28... Qxc6 29. Rxc6) 29. Rxc7+ (29. Rxb6 $2 {wird mattgesetzt.} Rxc1+ 30. Bxc1 Re1#) 29... Bxc7 30. Qg5 a5 (30... Kg8 $16 31. h4 Qd6) 31. b5 Qd6 {Und ...Dh2+ würde nun gewinnen.} 32. g3 Bd8 33. Qh6+ Kg8 34. a4 Be7 35. Rc6 {Weiß steht klar auf Gewinn.} Qd7 36. Qf4 Bf8 37. Qc7 Qxc7 38. Rxc7 Rd8 39. Bg5 Re8 40. Bf4 Re1+ 41. Kg2 Ra1 (41... Rb1 $142 42. Be5 Rb2) 42. b6 {Precision: Weiß = 61%, Schwarz = 25%.} 1-0

[Event "Winter 2018 CCCSA-IM"]
[Site "Charlotte"]
[Date "2018.01.13"]
[Round "5"]
[White "Moon, Benjamin"]
[Black "Hong, Andrew"]
[Result "1/2-1/2"]
[WhiteElo "2317"]
[BlackElo "2327"]
[Annotator "ChessBase"]
[PlyCount "59"]
[EventDate "2018.01.11"]
[EventType "tourn"]
[EventCountry "USA"]
[SourceTitle "playchess.com"]
[Source "ChessBase"]
[SourceQuality "1"]
[TimeControl "5400+30"]

1. d4 d5 2. Bf4 c5 3. e3 Nc6 4. Nf3 Nf6 5. Be2 Bf5 6. O-O e6 7. Nbd2 Bd6 8. dxc5 Bxc5 9. c4 O-O 10. Rc1 Be7 11. Ne5 Nxe5 12. Bxe5 Ne4 13. Nxe4 Bxe4 14. Bf3 Bxf3 15. Qxf3 dxc4 16. Rxc4 b5 17. Qg4 g6 18. Rd4 Qc8 19. Rfd1 Qc5 20. Bd6 Bxd6 21. Rxd6 Rac8 22. h4 Qe5 23. Qd4 Qxd4 24. R6xd4 Rc7 25. g3 Rfc8 26. Rd8+ Kg7 27. Rxc8 Rxc8 28. Rd7 Rc2 29. Rxa7 Rxb2 30. Rb7 1/2-1/2

[Event "Winter 2018 CCCSA-IM"]
[Site "Charlotte"]
[Date "2018.01.13"]
[Round "5"]
[White "Wang, Tianqi"]
[Black "Wang, Wesley"]
[Result "1/2-1/2"]
[WhiteElo "2276"]
[BlackElo "2226"]
[Annotator "TA"]
[PlyCount "116"]
[EventDate "2018.01.11"]
[EventType "tourn"]
[EventCountry "USA"]
[SourceTitle "playchess.com"]
[Source "ChessBase"]
[SourceQuality "1"]

{[%evp 13,116,0,1,0,0,0,0,0,8,-18,-14,-22,-27,-62,0,5,0,-2,0,-6,-14,-10,-6,-9,22,19,23,20,20,19,18,7,13,16,26,18,18,10,18,7,5,0,0,0,11,15,20,8,20,11,13,14,18,15,15,15,28,33,84,21,20,20,26,33,26,8,18,18,18,0,0,0,0,0,0,1,6,7,7,5,10,20,8,8,151,0,0,0,0,0,0,0,27,27,27,26,57,10,25,0,0,0,0,-63,0]} 1. d4 Nf6 2. Bf4 e6 3. e3 c5 4. Nd2 Nc6 5. c3 d5 6. Ngf3 Bd6 7. dxc5 Bxc5 {LiveBook: 57 Games} 8. Be2 {D02: 1 d4 d5 2 Nf3 sidelines, including 2...Nf6 3 g3 and 2...Nf6 3 Bf4} (8. Bd3 Qe7 9. e4 Nh5 10. Bg5 f6 11. Be3 Bxe3 12. fxe3 f5 13. exd5 exd5 14. Qe2 O-O 15. O-O-O Bd7 {1-0 (72) Artemiev,V (2676)-Najer,E (2674) Moscow 2015}) 8... O-O 9. O-O b6 10. Re1 $146 {The position is equal.} ({Predecessor:} 10. b4 Bd6 11. Bxd6 Qxd6 12. Qb3 Bb7 13. Rac1 Rac8 14. Rfd1 Rfd8 15. Nf1 Ne4 {½-½ (34) Wiewesiek,T (1903)-Leidorf,S (2097) Wiesbaden 2016}) 10... Bb7 11. Bf1 Qe7 12. Qc2 Rac8 13. Qb1 Nh5 (13... e5 $15 14. Bg3 e4) 14. b4 $11 Bd6 $1 15. Bxd6 ({Don't play} 15. Ng5 Nf6 $15) 15... Qxd6 16. a3 Ne5 17. Nxe5 Qxe5 18. c4 dxc4 19. Nxc4 Qg5 20. Nd6 Rc7 21. Nxb7 Rxb7 22. Qe4 Rd7 23. Red1 Qd8 24. Be2 Nf6 25. Qc4 Nd5 26. Bf3 Qf6 27. Qb5 Rfd8 28. Rac1 {[%cal Ba1c1,Bc1c2,Bc2c6][%mdl 32]} Qe7 29. g3 g6 30. Kg2 Kf8 31. Rd4 Kg7 32. Rc2 Kg8 33. h4 h5 34. Rc6 Nc7 35. Rxd7 Qxd7 {[#]} (35... Rxd7 $14 36. Qe5 Ne8) 36. Qe5 (36. Qg5 $1 $16) 36... Ne8 $1 37. Qc3 Qe7 38. a4 Rd7 39. a5 bxa5 40. bxa5 Rc7 41. Qb3 {Hoping for Qb8.} Rxc6 42. Bxc6 {And now Qb8 would win.} Nf6 43. Qb8+ Kg7 44. Qe5 Qb4 45. Bf3 Qc4 46. Bb7 Qb4 47. Ba8 Qc4 48. Bf3 Qc8 {[#]} (48... Qc2 $11 {keeps the balance.}) 49. Qd6 $2 (49. Bxh5 $1 $16 {aiming for Bf3.} gxh5 50. Qg5+ Kf8 51. Qxf6 Qc6+ 52. Kh2) 49... Qc3 50. a6 Qc4 51. Bb7 Ng4 52. Qd2 Ne5 53. Qb2 f6 54. Qa3 {Threatens to win with Qe7+.} Qc7 55. Qa4 Nd7 56. Qd4 Nc5 57. f3 Nxb7 58. axb7 (58. Qxa7 $11 Qc2+ 59. Kh3 Qf5+ 60. Kh2 Qc2+ 61. Kh3 Qf5+ 62. Kh2 Qc2+ 63. Kh3) 58... Qc2+ {Precision: White = 53%, Black = 50%.} ({Black should play} 58... Qxb7 $15 59. Qd8 e5) 1/2-1/2

[Event "Winter 2018 CCCSA-IM"]
[Site "Charlotte"]
[Date "2018.01.13"]
[Round "5"]
[White "Young, Angelo"]
[Black "Stremavicius, Titas"]
[Result "0-1"]
[WhiteElo "2273"]
[BlackElo "2432"]
[Annotator "TA"]
[PlyCount "62"]
[EventDate "2018.01.11"]
[EventType "tourn"]
[EventCountry "USA"]
[SourceTitle "playchess.com"]
[Source "ChessBase"]
[SourceQuality "1"]

{[%evp 9,62,17,36,33,31,12,15,22,13,-25,-30,-76,-76,-146,-53,-55,-26,-44,12,-8,-24,-169,-163,-157,-156,-217,-211,-262,-257,-259,-260,-365,-362,-344,-327,-281,-181,-182,-104,-227,-117,-150,-125,-109,-98,-110,-109,-364,-256,-672,-658,-1229,-1504,-1512,-1509]} 1. d4 f5 2. g3 Nf6 3. Bg2 g6 4. h4 d6 5. c3 c6 6. Nh3 {A81: Dutch Defence: 2 g3} Bg7 7. Qb3 e5 8. dxe5 {The position is equal.} dxe5 9. Ng5 {[%csl Gg5][%cal Rb3f7]} Qe7 $1 10. Be3 {Bc5! is the strong threat.} Na6 $146 ({Predecessor:} 10... h6 11. Bc5 Qd7 12. Nf3 Ng4 {1-0 (39) Kamsky,G (2673)-Potapov,P (2477) Sochi 2015}) 11. Qa4 (11. Qa3 $142) 11... e4 (11... h6 $17 12. Nf3 Ng4) 12. Na3 h6 13. Nh3 {White wants to play Nf4.} Be6 (13... Nd5 $15 14. Nf4 Nxe3 15. fxe3 Nc5) 14. O-O-O Bxa2 15. Nb5 (15. Nc4 $11 {and White is okay.} Bxc4 16. Qxc4) 15... Bd5 $19 16. Nd4 {next Nf4 is good for White.} Nc5 17. Qc2 (17. Qa3 $17 Nb3+ 18. Kc2 Nxd4+ 19. Bxd4) 17... Qf7 18. Nf4 Nb3+ 19. Kb1 Nxd4 20. Rxd4 (20. cxd4 $142 Ba2+ 21. Kc1) 20... Ba2+ 21. Kc1 Bb3 22. Qd2 Nd5 {Threatens to win with ...0-0-0.} 23. Bxe4 {[#]} Bxd4 ({Better is} 23... Nxf4 $1 $19 24. Bxf4 Bxd4 25. Qxd4 O-O) 24. Bxd4 (24. Bxd5 $17 {was worth a try.} Bxd5 25. Qxd4) 24... Nf6 ({Black should try} 24... O-O-O $19 25. Bd3 Rhe8) 25. Bd3 {[#]} O-O-O $1 26. Bxa7 Ne4 27. Qe3 g5 $36 {[%mdl 2048] White is under strong pressure.} 28. Nh3 $2 {[%mdl 8192]} (28. Ng2 $17 {only move.}) 28... Qd5 {aiming for ...Rhe8.} 29. f3 $2 (29. Bb6 Nxc3 30. bxc3 Qxh1+ 31. Kb2) 29... Nxg3 {Black is clearly winning.} 30. Re1 Rhe8 31. Qd4 Qa5 {Precision: White = 35%, Black = 59%.} 0-1

[Event "Winter 2018 CCCSA-IM"]
[Site "Charlotte"]
[Date "2018.01.13"]
[Round "5"]
[White "Ng, Gary"]
[Black "Montalvo Rosario, Alejandro"]
[Result "1/2-1/2"]
[WhiteElo "2272"]
[BlackElo "2183"]
[Annotator "ChessBase"]
[PlyCount "83"]
[EventDate "2018.01.11"]
[EventType "tourn"]
[EventCountry "USA"]
[SourceTitle "playchess.com"]
[Source "ChessBase"]
[SourceQuality "1"]
[TimeControl "5400+30"]

1. Nf3 Nf6 2. c4 g6 3. b3 Bg7 4. Bb2 O-O 5. g3 c5 6. Bg2 Nc6 7. O-O d6 8. d4 cxd4 9. Nxd4 Bd7 10. Nc3 Nxd4 11. Qxd4 Bc6 12. Nd5 Bxd5 13. Bxd5 Nh5 14. Qd2 Bxb2 15. Qxb2 Qc7 16. Qd4 Nf6 17. Rac1 a5 18. Bg2 Rac8 19. Rfd1 b6 20. a3 Qc5 21. Qb2 Rc7 22. b4 axb4 23. axb4 Qe5 24. Qxe5 dxe5 25. c5 bxc5 26. Rxc5 Rxc5 27. bxc5 Rc8 28. c6 e4 29. Rc1 Kf8 30. e3 e6 31. Bf1 Nd5 32. Ba6 Rc7 33. Bb7 Ke7 34. Rc4 f5 35. Ra4 Kd6 36. Ra8 Nb4 37. Rd8+ Ke7 38. Rh8 Kf6 39. Rf8+ Kg7 40. Rc8 Rxc8 41. Bxc8 Nxc6 42. Bxe6 1/2-1/2

[Event "Winter 2018 CCCSA-IM"]
[Site "Charlotte"]
[Date "2018.01.14"]
[Round "6.1"]
[White "Wang, Wesley"]
[Black "Montalvo Rosario, Alejandro"]
[Result "1-0"]
[WhiteElo "2226"]
[BlackElo "2183"]
[Annotator "TA"]
[PlyCount "41"]
[EventDate "2018.01.11"]
[EventType "tourn"]
[EventCountry "USA"]
[SourceTitle "playchess.com"]
[Source "ChessBase"]
[SourceQuality "1"]

{[%evp 22,41,94,88,142,135,168,154,153,143,149,140,161,158,166,146,186,162,207,202,193,212]} 1. e4 c6 2. c4 d5 3. cxd5 cxd5 4. exd5 Nf6 5. Nc3 g6 6. Bc4 Bg7 7. Nf3 O-O 8. O-O Nbd7 9. d3 {[%cal Bd2d3,Bd3c4][%mdl 32]} Nb6 10. Qb3 Bg4 {B10: Caro-Kann: 2 d3 and 2 c4} (10... Ne8 11. Bf4 Nd6 12. Be5 Bf5 13. Bxg7 Kxg7 14. Qb4 Kg8 15. Rfe1 Rc8 16. Bb3 Bxd3 17. Qh4 Nd7 18. Rad1 {1-0 (41) Jakovenko,D (2736)-Sjugirov,S (2612) Moscow 2009}) 11. Ne5 Bf5 12. Re1 {LiveBook: 17 Games} Nxc4 $146 (12... Rc8 $142) ({Find the theoretical novelty and annotate with similar games:} 12... Rc8 13. h3 Ne8 14. Nb5 a6 15. Na7 Ra8 16. Nec6 bxc6 17. Nxc6 Qc7 18. Bg5 Nc8 19. Rac1 Qd7 20. d4 Ned6 {1-0 (73) Miezis,N (2468)-Mustaps,M (2302) Riga 2017}) 13. dxc4 $16 {White is clearly better.} ({Don't take} 13. Qxc4 $6 Rc8 $14) 13... Nd7 14. Nxd7 Qxd7 15. Bg5 Rfe8 16. Rad1 h6 17. Bf4 Rac8 18. h3 g5 19. Be5 f6 20. Bg3 Bg6 21. Nb5 1-0

[Event "Winter 2018 CCCSA-IM"]
[Site "Charlotte"]
[Date "2018.01.14"]
[Round "6.2"]
[White "Stremavicius, Titas"]
[Black "Ng, Gary"]
[Result "1/2-1/2"]
[WhiteElo "2432"]
[BlackElo "2272"]
[Annotator "TA"]
[PlyCount "90"]
[EventDate "2018.01.11"]
[EventType "tourn"]
[EventCountry "USA"]
[SourceTitle "playchess.com"]
[Source "ChessBase"]
[SourceQuality "1"]

{[%evp 25,90,107,110,81,109,97,103,106,106,107,108,99,154,172,276,277,933,214,189,185,170,170,176,143,138,152,154,-14,-8,-36,-44,-50,11,0,0,0,0,0,0,-23,0,0,0,0,0,0,0,0,0,0,0,0,0,0,0,0,0,0,0,0,0,0,0,0,0,0,0]} 1. Nf3 Nf6 2. c4 e6 3. Nc3 d5 4. d4 Be7 5. Bg5 O-O 6. e3 Nbd7 7. cxd5 exd5 8. Bd3 Re8 9. O-O c6 10. Qc2 h6 11. Bf4 Nh5 12. Nxd5 Nxf4 13. Nxf4 Bd6 {LiveBook: 10 Partien. D36: Damengambit (Abtauschvariante)} 14. Nh5 (14. Ne2 Nf8 15. Bf5 Ne6 16. Nc3 Qa5 17. e4 g6 18. Bxe6 Bxe6 19. e5 Be7 20. h3 Rad8 21. Rad1 Kg7 22. a3 Rd7 {1-0 (66) Cvek,R (2517)-Motuz,K (2332) Vsetin 2015}) 14... Qa5 15. Bh7+ $146 ({Vorgänger:} 15. Ng3 Nf6 16. Nf5 Bc7 17. a3 g6 18. Nxh6+ Kg7 19. Nxf7 Qh5 20. N7e5 Bxe5 21. Nxe5 {1-0 (35) Tillmann,M (2059)-Stoffregen,G (1982) Bern 2004}) 15... Kh8 {Weiß steht besser.} 16. Bf5 Nb6 17. Bxc8 Raxc8 18. Ng3 c5 (18... Kg8 $142) 19. Qf5 $16 {Se4 ist eine echte Drohung.} Kg8 (19... Bxg3 {war angesagt.} 20. hxg3 Kg8) 20. Ne4 $18 Bf8 $2 {[#]} (20... Bb8 21. dxc5 Nc4) 21. Ne5 $2 (21. Nfg5 $1 {[%mdl 512]} hxg5 22. Nxg5) 21... Rc7 22. Ng4 Nd7 {[%cal Bb6d7,Bd7c5,Bc5e4,Be4f6][%mdl 32]} 23. Rfd1 Qb4 24. h4 Qxb2 25. dxc5 Re6 {[%cal Rd7c5] [#]} 26. Nd6 $2 (26. Rab1 $1 $16 {[%cal Rb1b2]} Qxa2 27. Nc3) 26... Nxc5 $11 27. Nc4 Qb4 28. Rd4 Qc3 (28... Ne4 $15 29. Nce5 Qb2) 29. Rad1 Ne4 $1 30. Rd7 Rxd7 31. Rxd7 Nf6 32. Nge5 Nxd7 33. Qxf7+ {Die Stellung ist ausgeglichen.} Kh8 34. Qxe6 Nxe5 35. Nxe5 Qe1+ 36. Kh2 {Weiss droht Sg6+ und Matt.} Qxf2 37. Ng6+ Kh7 38. Qe4 Kg8 39. Qe6+ Qf7 40. Nxf8 Kxf8 {KD-KD} 41. Qd6+ Qe7 42. Qb8+ Kf7 43. Qxa7 Qxh4+ 44. Kg1 Qe1+ 45. Kh2 Qh4+ {Precision: Weiß = 57%, Schwarz = 51%.} 1/2-1/2

[Event "Winter 2018 CCCSA-IM"]
[Site "Charlotte"]
[Date "2018.01.14"]
[Round "6.3"]
[White "Hong, Andrew"]
[Black "Young, Angelo"]
[Result "1/2-1/2"]
[WhiteElo "2327"]
[BlackElo "2273"]
[Annotator "TA"]
[PlyCount "20"]
[EventDate "2018.01.11"]
[EventType "tourn"]
[EventCountry "USA"]
[SourceTitle "playchess.com"]
[Source "ChessBase"]
[SourceQuality "1"]

{[%evp 10,20,52,39,89,79,104,-16,-8,-21,-3,-23,-8]} 1. e4 e6 2. d4 d5 3. Nc3 Nf6 4. Bg5 Be7 5. e5 Ng8 6. h4 {LiveBook: 4 Partien. C14: Französische Verteidigung (Klassische Hauptvariante)} (6. Bxe7 Nxe7 7. Nf3 b6 8. Bd3 Ba6 9. Bxa6 Nxa6 10. Ne2 c5 11. c3 Nb8 12. Nf4 Nbc6 13. h4 h5 14. g3 Qd7 {½-½ (37) Spraggett,K (2577)-Narciso Dublan,M (2549) Catalunya 2013}) 6... a6 7. Qg4 {Und Lxe7 würde nun gewinnen.} f5 $146 ({Vorgänger:} 7... f6 8. Bf4 Kf8 9. h5 c5 10. Nf3 Nc6 11. O-O-O cxd4 12. Nxd4 f5 13. Qg3 Nh6 14. Bxh6 gxh6 {1-0 (37) Milosavljevic,J (2072)-Vukusic,Z (2050) Omis 2007}) 8. exf6 ({Lieber} 8. Qg3 $16) 8... Nxf6 $11 9. Qe2 O-O 10. Nf3 Nc6 1/2-1/2